000 00313nam a22001337a 4500
008 170510b xxu||||| |||| 00| 0 eng d
020 _a9780314923080
041 _aeng
080 _a342
100 _a15
101 _aSHJ
245 _aFEDERAL CIVIL JUDICAL PROCEDURE AND RULES
_cWEST.TH
942 _2udc
_cBK
999 _c13058
_d13058